|
|
|
|
| LEADER |
00000nam0a2200000 4500 |
| 001 |
147469 |
| 005 |
20231031145047.0 |
| 010 |
|
|
|a 502002094X
|
| 035 |
|
|
|a (RuTPU)RU\TPU\book\159846
|
| 090 |
|
|
|a 147469
|
| 100 |
|
|
|a 20081114d1990 m y0rusy50 ca
|
| 101 |
0 |
|
|a rus
|
| 102 |
|
|
|a RU
|
| 105 |
|
|
|a a z 001zy
|
| 200 |
1 |
|
|a Древние фосфатоносные бассейны
|f А. В. Ильин
|g Академия наук СССР (АН СССР), Институт литосферы ; отв. ред. А. Л. Яншин
|
| 210 |
|
|
|a Москва
|c Наука
|d 1990
|
| 215 |
|
|
|a 174 с.
|c ил.
|
| 320 |
|
|
|a Библиогр.: с. 170-172.
|
| 610 |
1 |
|
|a фосфатоносные бассейны
|
| 610 |
1 |
|
|a фосфоритные месторождения
|
| 610 |
1 |
|
|a геология
|
| 610 |
1 |
|
|a докембрийские отложения
|
| 610 |
1 |
|
|a кембрийские отложения
|
| 675 |
|
|
|a 553.64
|v 3
|
| 700 |
|
1 |
|a Ильин
|b А. В.
|g Андрей Васильевич
|
| 702 |
|
1 |
|a Яншин
|b А. Л.
|g Андрей Васильевич
|4 340
|
| 712 |
0 |
2 |
|a Академия наук СССР (АН СССР)
|b Институт литосферы (ИЛ)
|c (Москва)
|c (1979-1991)
|2 stltpush
|3 (RuTPU)RU\TPU\col\14625
|
| 801 |
|
1 |
|a RU
|b 63413507
|c 20081114
|g PSBO
|
| 801 |
|
2 |
|a RU
|b 63413507
|c 20120831
|g PSBO
|
| 942 |
|
|
|c BK
|